Statistiques concernant Villes de Lorraine

Cliquez ici pour prendre le quiz!

Statistiques générales

  • Ce quiz a été pris 845 fois
  • Le résultat moyen est 10 sur 20

Statistiques - réponses

PopulationVille% Correct
123 704 htsMetz
99%
103 552 htsNancy
99%
35 782 htsEpinal
75%
40 863 htsThionville
74%
16 939 htsBar-le-Duc
67%
19 624 htsVerdun
64%
20 188 htsLunéville
55%
16 851 htsToul
54%
22 784 htsForbach
51%
14 611 htsPont-à-Mousson
45%
23 191 htsSarreguemines
44%
14 515 htsLongwy
41%
32 031 htsVandoeuvre-lès-Nancy
37%
23 426 htsMontigny-lès-Metz
34%
22 590 htsSaint-Dié-des-Vosges
31%
16 925 htsSaint-Avold
30%
15 286 htsLaxou
29%
14 676 htsYutz
25%
15 225 htsHayange
22%
15 684 htsVillers-lès-Nancy
18%

Distribution des résultats

Percentile par nombre de réponses

% des personnes avec chaque résultat

Votre développement - résultats

Vous n’avez pas pris ce quiz